Statystyki dla Najczęściej odwiedzane miasta w Afryce

Kliknij tutaj aby rozwiązać quiz!

Ogólne statystyki

  • Ten quiz został rozwiązany 208 razy
  • Średni wynik to 7 z 12

Statystyki odpowiedzi

Międzynarodowi gościeHintMiasto% Poprawnych
1,353,019EgiptKair
99%
1,604,234Republika Południowej AfrykiKapsztad
84%
427,807TunezjaTunis
80%
4,253,968Republika Południowej AfrykiJohannesburg
79%
619,506KeniaNairobi
76%
619,413SenegalDakar
72%
1,332,300NigeriaLagos
72%
989,219MarokoCasablanca
68%
254,255MozambikMaputo
38%
890,178Republika Południowej AfrykiDurban
30%
842,414GhanaAccra
14%
576,434UgandaEntebbe
1%

Rozkład punktacji

Percentyl według liczby udzielonych odpowiedzi

Procent ludzi z każdym wynikiem

Twoja historia wyników

Nie rozwiązałeś tego quizu